| 000 | 00884nas a2200277 4500 | ||
|---|---|---|---|
| 001 | BR2015002467 | ||
| 003 | BR-BrBNA | ||
| 005 | 20231205125258.0 | ||
| 007 | ta | ||
| 008 | 230509b bl.|||p| |||| 00| 00por d | ||
| 040 |
_aBR-BrBNA _bpor _cBiblioteca Nacional de Agricultura |
||
| 041 | _a(Pt) | ||
| 072 | _aL73; | ||
| 110 | 1 | _aTaniguchi, H.H. | |
| 245 | 1 | _aDinâmica de circulação de Leishmania ssp. no ambiente enzoótico de duas regiões do Estado de São Paulo, Brasil | |
| 650 | _aLEISHMANIOSE | ||
| 650 | _aEPIDEMOLOGIA | ||
| 650 | _aRESERVA ECOLÓGICA | ||
| 650 | _aANIMAL SELVAGEM | ||
| 650 | _aFLEBOTIMÍNEO | ||
| 650 | _aVETOR | ||
| 650 | _aTRANSMISSÃO DE DOENÇA | ||
| 773 | 0 |
_tRevista do Instituto Adolfo Lutz (Brazil) _xISSN 0073-9855 _g(Jan-Mar 2011), v. 70(1) p. 93 _wBR2015002467 |
|
| 909 |
_a202311 _bLúcia _c55 _dLúcia Elande |
||
| 942 |
_2AGRIS _n0 _cANA |
||
| 999 |
_c243580 _d243580 |
||